[Event "64th ch-RUS HL w 2014"]
[Site "Vladivostok RUS"]
[Date "2014.06.12"]
[Round "8.13"]
[White "Belenkaya,D"]
[Black "Mikhailova,L"]
[Result "1-0"]
[WhiteElo "2235"]
[BlackElo "2049"]
[EventDate "2014.06.04"]

1. e4 c5 2. Nf3 e6 3. c4 Nc6 4. Nc3 d6 5. d4 cxd4 6. Nxd4 Nf6 7. Be3 Be7 8. Be2
O-O 9. O-O a6 10. Rc1 Nd7 11. Qd2 Nxd4 12. Qxd4 b6 13. Bf4 e5 14. Qd5 Rb8 15.
Be3 Bb7 16. Qd2 Nc5 17. f3 Ne6 18. Nd5 Bg5 19. Rfd1 Bxd5 20. Bxg5 Nxg5 21. Qxd5
Ne6 22. Qxd6 Nd4 23. Qxd8 Rfxd8 24. Kf2 Kf8 25. Rd2 Rdc8 26. Rc3 a5 27. g3 Ke7
28. f4 f6 29. Rd1 Rc7 30. Rdc1 Kd6 31. Bd1 Kc5 32. a3 Rd8 33. Ke3 Re8 34. Rd3
Ra8 35. Ba4 Kd6 36. Rdd1 Ke7 37. Rc3 Rac8 38. Rdc1 Kd6 39. Kf2 Kc5 40. Ke3 Kd6
41. b4 axb4 42. axb4 b5 43. c5+ Ke7 44. Bb3 Nc6 45. fxe5 fxe5 46. Rf1 Nxb4 47.
Ke2 Nc6 48. Bd5 Nd4+ 49. Kd3 b4 50. Rf7+ Ke8 51. Rxc7 Rxc7 52. Rc4 b3 53. Kc3
Kd7 54. Kb2 Nf3 55. Rc3 Nxh2 56. Kxb3 Ng4 57. Kb4 Nf6 58. Kb5 Ne8 59. Kb6 Nf6
60. Rd3 Nxd5+ 61. exd5 Rc8 62. Rf3 Rb8+ 63. Ka6 Ke7 64. Rf5 Rc8 65. Rxe5+ Kd7
66. c6+ Kd6 67. Kb7 Rc7+ 68. Kb6 Rc8 69. Kb7 Rc7+ 70. Kb8 Rf7 71. Re8 Rf3 72.
Rd8+ Kc5 73. c7 Rb3+ 74. Kc8 Ra3 75. Kd7 Ra7 76. d6 Kd4 1-0

[Event "64th ch-RUS HL w 2014"]
[Site "Vladivostok RUS"]
[Date "2014.06.12"]
[Round "8.14"]
[White "Chkhan,V"]
[Black "Averchenko,Ekaterina"]
[Result "1-0"]
[WhiteElo "2050"]
[BlackElo "2199"]
[EventDate "2014.06.04"]

1. d4 Nf6 2. c4 Nc6 3. Nf3 e6 4. a3 d6 5. g3 g6 6. Bg2 Bg7 7. Nc3 O-O 8. O-O a5
9. h3 Re8 10. Be3 d5 11. Bf4 Nh5 12. Bg5 Ne7 13. Qd2 f6 14. Be3 Bh8 15. g4 Ng7
16. Bf4 Rf8 17. e4 dxe4 18. Nxe4 Ne8 19. Rac1 Nd6 20. Rfe1 Nxe4 21. Rxe4 c5 22.
d5 Ra6 23. Rd1 f5 24. Ree1 fxg4 25. Ng5 gxh3 26. Bxh3 e5 27. Be6+ Bxe6 28. Nxe6
Rxe6 29. dxe6 Qc8 30. Bh6 Re8 31. Qd7 Bf6 32. Rd6 Qb8 33. Red1 Kh8 34. Qxe8+
Qxe8 35. Rd8 Qg8 36. Rxg8+ Nxg8 37. Bf8 b6 38. Rd7 Bg5 39. Bg7# 1-0

[Event "64th ch-RUS HL w 2014"]
[Site "Vladivostok RUS"]
[Date "2014.06.12"]
[Round "8.15"]
[White "Maltsevskaya,Aleksandra"]
[Black "Grigorian,Mar"]
[Result "0-1"]
[WhiteElo "2014"]
[BlackElo "2114"]
[EventDate "2014.06.04"]

1. e4 d6 2. d4 Nf6 3. Nc3 e5 4. Nf3 Nbd7 5. Bc4 Be7 6. O-O O-O 7. Re1 c6 8. a4
exd4 9. Qxd4 Ne5 10. Nxe5 dxe5 11. Qxe5 Ng4 12. Qf4 Bd6 13. Qg5 Bxh2+ 14. Kh1
Qd4 15. f3 Bg3 16. fxg4 Bxe1 17. Be3 Qxc4 18. Rxe1 Qe6 19. Rf1 Qxg4 20. Qc5 Be6
21. Rf4 Qg3 22. Ne2 Qe1+ 23. Ng1 b6 24. Qa3 Rad8 25. Kh2 Qa5 26. Nf3 Rfe8 27. b4
Qh5+ 28. Rh4 Qg6 29. Ne5 Qf6 30. Nf3 Rd1 31. a5 h6 32. axb6 axb6 33. e5 Qf5 34.
Qc3 Bd5 35. Rf4 Qe6 36. Bxb6 Bxf3 37. Rxf3 Qxe5+ 38. Qxe5 Rxe5 39. c3 Rh5+ 40.
Kg3 Rg5+ 41. Kh2 Rd2 42. Bf2 Rc2 43. Kh3 f5 44. g3 Kh7 45. Kg2 Kg6 46. Kh3 Rg4
47. Bc5 Re4 48. Rd3 Ree2 49. g4 f4 0-1

[Event "64th ch-RUS HL w 2014"]
[Site "Vladivostok RUS"]
[Date "2014.06.12"]
[Round "8.16"]
[White "Landina,N"]
[Black "Khokhlova,Daria"]
[Result "0-1"]
[WhiteElo "1937"]
[BlackElo "2020"]
[EventDate "2014.06.04"]

1. f4 g6 2. e4 c5 3. Nc3 Bg7 4. b3 e6 5. Bb2 Ne7 6. Nf3 Nbc6 7. Qb1 O-O 8. Na4
b6 9. Bxg7 Kxg7 10. Qb2+ f6 11. e5 fxe5 12. Nxe5 Nxe5 13. Qxe5+ Kg8 14. O-O-O
Nc6 15. Qg5 Qxg5 16. fxg5 Bb7 17. Bb5 Nd4 18. Bf1 Rf2 19. Rg1 Raf8 20. Nc3 R8f5
21. h4 Re5 22. a4 Nf5 23. Bb5 Nxh4 24. Bxd7 Nxg2 25. Nb5 Rf7 26. d4 cxd4 27.
Rxd4 a6 28. Nc3 Nf4 29. Kb2 Ne2 30. Nxe2 Rxe2 31. Rd6 Bd5 32. Rc1 Kf8 33. Bc8 a5
34. Rxb6 Rc7 35. Ba6 Rg2 36. Rb5 Rxg5 37. Rxa5 Rg4 38. Bd3 h5 39. Rb5 h4 40. c4
Bg2 41. Rb8+ Kg7 42. Bf1 h3 43. Ka3 Rf7 44. c5 Rxf1 45. Rxf1 Bxf1 46. Rb7+ Kh6
47. Rb8 Kg5 48. c6 h2 49. c7 Ba6 50. Rh8 Rh4 51. c8=Q Bxc8 52. Rxc8 h1=Q 53. Rc2
Qa1+ 54. Ra2 Qc1+ 55. Rb2 Rh2 0-1

[Event "64th ch-RUS HL w 2014"]
[Site "Vladivostok RUS"]
[Date "2014.06.12"]
[Round "8.17"]
[White "Kostitsina,L"]
[Black "Solovyova,Anastasia"]
[Result "1-0"]
[WhiteElo "2101"]
[BlackElo "1878"]
[EventDate "2014.06.04"]

1. e4 e6 2. d4 d5 3. Nc3 Nf6 4. e5 Nfd7 5. Nf3 c5 6. dxc5 Bxc5 7. Bd3 Nc6 8. Bf4
O-O 9. Bxh7+ Kxh7 10. Ng5+ Kg6 11. Qd3+ f5 12. Qg3 Qe7 13. h4 Ndxe5 14. h5+ Kf6
15. Nh7+ Kf7 16. Nxf8 Ng4 17. Ng6 Qf6 18. Rf1 e5 19. Bd2 Be6 20. O-O-O a6 21.
Rde1 f4 22. Qf3 Nd4 23. Qd1 Nc6 24. Nxd5 Bxd5 25. Qxg4 Rd8 26. Bc3 Be6 27. Qe2
Bd4 28. Nxe5+ Bxe5 29. Bxe5 Qh6 30. Qf3 Bd5 31. Qxf4+ Qxf4+ 32. Bxf4 Bxg2 33.
Rg1 Bf3 34. h6 gxh6 35. Bxh6 Nd4 36. Kb1 Rd6 37. Rg7+ Kf6 38. Rg3 Bh5 39. Bg7+
Kf7 40. Bxd4 Rxd4 41. Reg1 b5 42. Rg5 Be2 43. b3 Rf4 44. Rg7+ Kf8 45. Rg8+ Ke7
46. R1g7+ Kd6 47. Rg6+ Kc5 48. Rc8+ Kd5 49. Rxa6 Rxf2 50. b4 Bc4 51. Rc5+ Kd4
52. Kb2 Rg2 53. Rd6+ Ke4 54. a4 1-0

[Event "64th ch-RUS HL w 2014"]
[Site "Vladivostok RUS"]
[Date "2014.06.13"]
[Round "9"]
[White "Girya, Olga"]
[Black "Zaiatz, Elena"]
[Result "1/2-1/2"]
[WhiteElo "2479"]
[BlackElo "2408"]
[EventDate "2014.06.04"]

1. d4 Nf6 2. Nf3 d5 3. c4 e6 4. Nc3 Bb4 5. cxd5 exd5 6. Bg5 Nbd7 7. e3 h6
8. Bh4 g5 9. Bg3 Ne4 10. Qb3 c5 11. dxc5 Qa5 12. a3 Bxc3+ 13. bxc3 Qxc5 14.
Rc1 h5 15. Ne5 f6 16. Nd3 Qe7 17. Qxd5 Nb6 18. Qb5+ Bd7 19. Qb4 Qe6 20. Nc5
Nxc5 21. Qxc5 h4 22. Bc7 Kf7 23. Bxb6 axb6 24. Qc4 Rhc8 25. Qxe6+ Kxe6 26.
g3 Rxa3 27. gxh4 gxh4 28. Bh3+ f5 29. e4 Kf6 30. Bxf5 Bxf5 31. exf5 Rcxc3
32. Rxc3 Rxc3 33. Kd2 Rf3 34. Rb1 Rxf2+ 35. Ke3 Rxh2 36. Kf4 Rf2+ 37. Kg4
Rg2+ 38. Kf4 Rf2+ 39. Kg4 Rg2+ 40. Kf4 Rf2+ 41. Ke4 1/2-1/2

[Event "64th ch-RUS HL w 2014"]
[Site "Vladivostok RUS"]
[Date "2014.06.13"]
[Round "9"]
[White "Kashlinskaya, Alina"]
[Black "Tomnikova, Lidia"]
[Result "1-0"]
[WhiteElo "2419"]
[BlackElo "2172"]
[EventDate "2014.06.04"]

1. d4 Nf6 2. c4 e6 3. Nc3 Bb4 4. e3 d5 5. Ne2 O-O 6. a3 Be7 7. cxd5 exd5 8.
g3 Nbd7 9. Bg2 Nb6 10. Qc2 g6 11. f3 c5 12. O-O Bf5 13. e4 dxe4 14. fxe4
cxd4 15. exf5 d3 16. Qd1 dxe2 17. Qxe2 Nbd7 18. Kh1 Re8 19. fxg6 hxg6 20.
Nd5 Nc5 21. Rxf6 1-0

[Event "64th ch-RUS HL w 2014"]
[Site "Vladivostok RUS"]
[Date "2014.06.13"]
[Round "9"]
[White "Gritsayeva, Oksana"]
[Black "Kovalevskaya, Ekaterina"]
[Result "1/2-1/2"]
[WhiteElo "2340"]
[BlackElo "2427"]
[EventDate "2014.06.04"]

1. e4 c5 2. Nf3 e6 3. c3 d5 4. exd5 exd5 5. d4 Nc6 6. Bb5 Bd6 7. Qe2+ Ne7
8. dxc5 Bxc5 9. Be3 Bxe3 10. Qxe3 O-O 11. O-O Nf5 12. Qc5 Qd6 13. Qxd6 Nxd6
14. Bxc6 bxc6 15. Nbd2 f6 16. Rfe1 Kf7 17. b4 Bd7 18. Nd4 Rfe8 19. N2b3
Rxe1+ 20. Rxe1 Nb7 21. f3 Rc8 22. Nc5 Nxc5 23. bxc5 Rb8 24. Kf2 h5 25. Re2
Rb1 26. Re1 Rb2+ 27. Re2 Rb1 28. Re1 Rb2+ 29. Re2 1/2-1/2

[Event "64th ch-RUS HL w 2014"]
[Site "Vladivostok RUS"]
[Date "2014.06.13"]
[Round "9"]
[White "Goryachkina, Aleksandra"]
[Black "Kovanova, Baira"]
[Result "1-0"]
[WhiteElo "2432"]
[BlackElo "2406"]
[EventDate "2014.06.04"]

1. d4 Nf6 2. Nf3 e6 3. e3 b6 4. Bd3 Bb7 5. O-O c5 6. b3 Be7 7. Bb2 O-O 8.
Nbd2 Nc6 9. a3 Rc8 10. Qe2 d6 11. Rfd1 Qc7 12. c4 cxd4 13. exd4 d5 14. Rac1
dxc4 15. bxc4 Rfe8 16. Re1 Bf8 17. Ne4 Nxe4 18. Qxe4 f5 19. Qe2 Qf7 20. Qc2
Na5 21. Ne5 Qh5 22. f3 Bd6 23. Qf2 Rcd8 24. Rcd1 Nc6 25. g4 Qh6 26. Nxc6
Bxc6 27. gxf5 Bxf3 28. Qxf3 Qxh2+ 29. Kf1 Qxb2 30. Bb1 Qh2 31. Re2 Qh6 32.
Rde1 Qf6 33. d5 e5 34. Re4 g6 35. Rg4 Kh8 36. Qh3 gxf5 37. Rh4 Re7 38. Bxf5
Rdd7 39. Ke2 Rc7 40. Rh6 Qf8 41. Rf1 Qd8 42. Qh4 1-0

[Event "64th ch-RUS HL w 2014"]
[Site "Vladivostok RUS"]
[Date "2014.06.13"]
[Round "9"]
[White "Dogodkina, Julia"]
[Black "Pustovoitova, Daria"]
[Result "0-1"]
[WhiteElo "2183"]
[BlackElo "2336"]
[EventDate "2014.06.04"]

1. e4 c5 2. Nf3 d6 3. d4 cxd4 4. Nxd4 Nf6 5. Nc3 a6 6. Be3 e6 7. f3 b5 8.
a4 b4 9. Na2 d5 10. e5 Nfd7 11. f4 Bc5 12. Qg4 g6 13. O-O-O Qb6 14. Rd3 Nc6
15. Qd1 Na5 16. b3 f6 17. Nxe6 Bxe3+ 18. Kb1 Qxe6 19. Rxe3 Nc6 20. Qe1 fxe5
21. fxe5 a5 22. Rf3 Kd8 23. Bb5 Ndxe5 24. Re3 Qd6 25. Qh4+ Kc7 26. Rf1 Bf5
27. Nc1 h5 28. Ne2 Qc5 29. Qg3 d4 30. Rxf5 gxf5 31. Qg7+ Kb6 32. Rh3 Qe7
33. Qg3 Rad8 34. Nf4 h4 35. Qf2 Ng4 36. Qf3 Qe4 37. Qf1 Ne3 38. Qf2 Ne5 39.
Ne6 N5g4 0-1

[Event "64th ch-RUS HL w 2014"]
[Site "Vladivostok RUS"]
[Date "2014.06.13"]
[Round "9"]
[White "Bodnaruk, Anastasia"]
[Black "Guseva, Marina"]
[Result "1-0"]
[WhiteElo "2434"]
[BlackElo "2367"]
[EventDate "2014.06.04"]

1. e4 c6 2. d4 d5 3. e5 Bf5 4. Nf3 e6 5. Be2 c5 6. c3 Nc6 7. O-O cxd4 8.
Nxd4 Nxd4 9. cxd4 Ne7 10. Nc3 Nc6 11. g4 Bg6 12. f4 f5 13. exf6 Qxf6 14.
Bb5 Bd6 15. f5 exf5 16. Nxd5 Qh4 17. Bf4 O-O-O 18. Bxc6 bxc6 19. Qa4 Qxg4+
20. Kh1 Kb7 21. Rac1 Be8 22. Qb3+ Ka8 23. Nb6+ axb6 24. Qxb6 Rd7 25. Qxc6+
Ka7 26. Rc4 1-0

[Event "64th ch-RUS HL w 2014"]
[Site "Vladivostok RUS"]
[Date "2014.06.13"]
[Round "9"]
[White "Vasilevich, Irina"]
[Black "Charochkina, Daria"]
[Result "0-1"]
[WhiteElo "2338"]
[BlackElo "2377"]
[EventDate "2014.06.04"]

1. e4 c5 2. Nc3 Nc6 3. Bb5 d6 4. Bxc6+ bxc6 5. d3 e5 6. f4 exf4 7. Bxf4 Ne7
8. Nf3 Ng6 9. Bg3 h5 10. h4 Bg4 11. Qd2 Be7 12. O-O-O O-O 13. Rde1 Qd7 14.
Rhf1 f6 15. d4 cxd4 16. Nxd4 Rfd8 17. Nf5 Bf8 18. Qd3 a5 19. Nd1 Qf7 20.
Kb1 Ne5 21. Qc3 g6 22. Nd4 c5 23. Bxe5 dxe5 24. Nf3 Qe7 25. Ne3 Be6 26. g4
hxg4 27. Nh2 g3 28. Nhg4 Bg7 29. Nd5 Rxd5 30. Nxf6+ Bxf6 31. exd5 g2 32.
Rxf6 Qxf6 33. dxe6 Qf2 0-1

[Event "64th ch-RUS HL w 2014"]
[Site "Vladivostok RUS"]
[Date "2014.06.13"]
[Round "9"]
[White "Dordzhieva, Dinara"]
[Black "Savina, Anastasia"]
[Result "0-1"]
[WhiteElo "2237"]
[BlackElo "2397"]
[EventDate "2014.06.04"]

1. Nf3 c5 2. g3 g6 3. Bg2 Bg7 4. c4 Nc6 5. Nc3 e5 6. O-O Nge7 7. d3 d6 8.
Rb1 O-O 9. a3 a5 10. Nd2 Rb8 11. Nd5 Nxd5 12. cxd5 Nd4 13. e3 Nf5 14. b4
cxb4 15. axb4 axb4 16. Rxb4 b5 17. Qb3 Bd7 18. Ne4 Qb6 19. Bd2 Ne7 20. Rb1
Rb7 21. Nc3 Rfb8 22. e4 Qd8 23. Be3 Nc8 24. Qa2 Bf6 25. f3 Bg5 26. f4 Bh6
27. Qf2 Qc7 28. R1b3 Qa5 29. Qb2 Nb6 30. h3 Nc8 31. Ra3 Qd8 32. Kh2 exf4
33. gxf4 Bg7 34. Rab3 Ra8 35. Qb1 Qh4 36. Qf1 Nb6 37. Ne2 Ra1 38. Rb1 Ra2
39. Bf2 Qf6 40. d4 Rba7 41. Qe1 Bh6 42. Bg3 Nc4 43. Nc3 Rc2 44. Rc1 Rxc1
45. Qxc1 Qxd4 46. Nxb5 Bxb5 47. Rxb5 Ra2 48. Rb4 Qxe4 49. Rb2 Rxb2 50. Qxb2
Nxb2 51. Bxe4 Nc4 52. Kg2 f5 53. Bd3 Nb6 54. Bf2 Nd7 55. Kf3 Kf7 56. Bb5
Nf6 57. Bc6 Ne4 58. Be3 Bg7 59. Ba4 Bc3 60. Ke2 Bb4 61. Bd4 Bc5 62. Bb2 Nf2
63. h4 Ne4 64. Bc2 Bb6 65. Bd3 Nc5 66. Bc2 Ne4 67. Bd3 h5 68. Kf3 Nc5 69.
Bc2 Bd8 70. Kg3 Ne4+ 71. Kh3 Nd2 72. Ba3 Nc4 73. Bb4 Be7 74. Kg3 Nb6 75.
Bb3 Nd7 76. Ba4 Nf6 77. Bb3 Ne4+ 78. Kh3 Bf6 79. Bc2 Ke7 80. Ba4 Bc3 81.
Bxc3 Nxc3 82. Bc6 Ne2 83. Kg2 Nxf4+ 84. Kf3 Nd3 85. Bb5 Nc5 86. Kf4 Kf6 87.
Bc4 Nd7 88. Bb5 Ne5 89. Be2 Ke7 90. Bb5 Kd8 91. Kg5 Kc7 92. Kf4 Kb6 93. Bf1
Kc5 94. Bg2 Kd4 95. Bh1 Kd3 0-1

[Event "64th ch-RUS HL w 2014"]
[Site "Vladivostok RUS"]
[Date "2014.06.13"]
[Round "9"]
[White "Ovod, Evgenija"]
[Black "Shaydullina, Sandugach"]
[Result "1-0"]
[WhiteElo "2342"]
[BlackElo "2135"]
[EventDate "2014.06.04"]

1. d4 Nf6 2. c4 e6 3. Nc3 Bb4 4. f3 d5 5. a3 Be7 6. e4 dxe4 7. fxe4 e5 8.
d5 Bc5 9. Nf3 Ng4 10. Na4 Bf2+ 11. Ke2 b5 12. h3 Bg3 13. hxg4 bxa4 14.
Qxa4+ Bd7 15. Qc2 Bxg4 16. Be3 O-O 17. Kd2 a5 18. c5 Nc6 19. Bc4 Ne7 20.
Rad1 Ng6 21. Kc1 Rb8 22. Kb1 Qe8 23. c6 Qe7 24. Ka2 Nf4 25. Bf1 Qf6 26. Bc5
Rfe8 27. Bc4 h5 28. Rhf1 Qg6 29. d6 cxd6 30. Bxd6 Bxf3 31. Rxf3 Rb6 32.
Bxe5 Rxe5 33. Rd8+ Kh7 34. c7 Rc6 35. c8=Q Rxc8 36. Rxc8 Rxe4 37. Rxg3 Qxg3
38. Qxe4+ g6 39. Bxf7 Qg4 40. Rc4 Nxg2 41. Qxg4 hxg4 42. Rxg4 Ne3 43. Rxg6
Nf5 44. Rg5 Nd6 45. Bg6+ Kh6 46. Rxa5 1-0

[Event "64th ch-RUS HL w 2014"]
[Site "Vladivostok RUS"]
[Date "2014.06.13"]
[Round "9"]
[White "Schepetkova, Margarita"]
[Black "Nasybullina, Alfia"]
[Result "1/2-1/2"]
[WhiteElo "2294"]
[BlackElo "2095"]
[EventDate "2014.06.04"]

1. d4 Nf6 2. c4 c5 3. d5 e6 4. Nc3 exd5 5. cxd5 d6 6. e4 g6 7. f4 Bg7 8.
Bb5+ Nfd7 9. Nf3 O-O 10. O-O a6 11. Bd3 b5 12. Kh1 Re8 13. a3 c4 14. Bc2
Nc5 15. f5 Nbd7 16. Bg5 Qc7 17. Qd2 Ra7 18. Bh6 Bh8 19. Qf2 Rb7 20. Rae1 a5
21. e5 Nxe5 22. Nxe5 dxe5 23. Be3 Nd3 24. Bxd3 cxd3 25. fxg6 hxg6 26. Ne4
Qd8 27. Bg5 Qxd5 28. Nf6+ Bxf6 29. Bxf6 Re6 30. Rc1 Bd7 31. Qh4 Rxf6 32.
Qxf6 Rb8 33. Qg5 Be6 34. Qe3 Rc8 35. Rxc8+ Bxc8 36. h4 Bg4 37. Rf2 e4 38.
Rd2 Kg7 39. Kg1 b4 40. axb4 axb4 41. Kf2 Bd7 42. Qb6 Qe5 43. Qe3 Ba4 44.
Qg5 Qd4+ 45. Qe3 Qf6+ 46. Kg3 Bc2 47. Rf2 Qxb2 48. Qxe4 Qc3 49. Kh2 Qc7+
50. g3 Qd6 51. Qe3 Bd1 52. Qc1 Be2 53. Qa1+ Kg8 54. Qa8+ Qf8 55. Qd5 Qe7
56. h5 gxh5 57. Rf5 Kg7 58. Qd4+ Kg6 59. Re5 Qf6 60. Qe4+ Kg7 61. Qd4 Kg6
62. Qe4+ Kg7 63. Qd4 Kg6 64. Qe4+ 1/2-1/2

[Event "64th ch-RUS HL w 2014"]
[Site "Vladivostok RUS"]
[Date "2014.06.13"]
[Round "9"]
[White "Travkina, Anastasia"]
[Black "Ambartsumova, Karina"]
[Result "1/2-1/2"]
[WhiteElo "2191"]
[BlackElo "2331"]
[EventDate "2014.06.04"]

1. e4 c5 2. Nf3 e6 3. d4 cxd4 4. Nxd4 a6 5. Bd3 Bc5 6. Nf3 d6 7. O-O Nc6 8.
Qe2 Nge7 9. Be3 Bxe3 10. Qxe3 Ng6 11. Nbd2 O-O 12. a4 Qc7 13. Nc4 Bd7 14.
Qb6 Qxb6 15. Nxb6 Rad8 16. Rfd1 Nce5 17. Nxe5 Nxe5 18. Nxd7 Rxd7 19. Ra3
Rc8 20. Kf1 Kf8 21. Rd2 d5 22. exd5 Rxd5 23. Ke2 Rd4 24. c3 Rd7 25. f4 Nxd3
26. Rxd3 Ke7 27. Rb3 Rcd8 28. Rxd7+ Rxd7 29. Rb4 Kd8 30. a5 h5 31. g3 g6
32. Rc4 Ke7 33. b4 Kf6 34. Rc5 Ke7 35. Rc8 Kd6 36. Rc4 e5 37. Ke3 exf4+ 38.
Kxf4 Ke6 39. Rc8 f6 40. h4 1/2-1/2

[Event "64th ch-RUS HL w 2014"]
[Site "Vladivostok RUS"]
[Date "2014.06.13"]
[Round "9"]
[White "Khlichkova, Tatiana"]
[Black "Belenkaya, Dina"]
[Result "1-0"]
[WhiteElo "2249"]
[BlackElo "2235"]
[EventDate "2014.06.04"]

1. d4 d5 2. Bg5 h6 3. Bh4 Nf6 4. e3 Nbd7 5. Nf3 c5 6. Bxf6 Nxf6 7. dxc5
Qa5+ 8. Nc3 e6 9. Qd4 Bxc5 10. Bb5+ Qxb5 11. Nxb5 Bxd4 12. exd4 Ke7 13. Ne5
Nd7 14. Nd3 b6 15. Kd2 Bb7 16. Rhe1 g5 17. f3 a6 18. Na3 Kd6 19. c3 f6 20.
Nc2 e5 21. Ne3 Raf8 22. Nf5+ Kc7 23. a4 a5 24. b4 Rh7 25. b5 Bc8 26. Ne3
Bb7 27. Rac1 e4 28. Nf2 exf3 29. gxf3 f5 30. c4 dxc4 31. Nxc4 Kb8 32. Re6
Bxf3 33. Nxb6 Nxb6 34. Rxb6+ Bb7 35. Nd3 Rd8 36. Rc4 Rhd7 37. Nc5 Rc7 38.
Kc3 h5 39. d5 Ka7 40. Rf6 Ka8 41. d6 Rh7 42. d7 f4 43. h4 gxh4 44. Rcxf4 h3
45. Rf8 Rh8 46. Ne6 Rb8 47. Rxh8 Rxh8 48. Rf8+ Rxf8 49. Nxf8 h2 50. d8=Q+
Ka7 51. Nd7 1-0

[Event "64th ch-RUS HL w 2014"]
[Site "Vladivostok RUS"]
[Date "2014.06.13"]
[Round "9"]
[White "Matveeva, Olga"]
[Black "Chkhan, Viktoria"]
[Result "0-1"]
[WhiteElo "2223"]
[BlackElo "2050"]
[EventDate "2014.06.04"]

1. d4 Nf6 2. c4 e5 3. dxe5 Ng4 4. e3 Nxe5 5. Nh3 Bc5 6. Be2 d6 7. Nf4 O-O
8. O-O Bf5 9. Nc3 Nbd7 10. b3 c6 11. Bb2 Qe7 12. Qd2 Nf6 13. Rad1 a5 14.
Nd3 Bxd3 15. Bxd3 Rfe8 16. h3 Qc7 17. Bf5 Rad8 18. Qc1 Ba7 19. Rfe1 Bb8 20.
f4 Ng6 21. Ne2 Ba7 22. Nd4 Ne4 23. Qc2 Nf6 24. Qc3 Bc5 25. a3 d5 26. cxd5
Rxd5 27. Bxg6 hxg6 28. b4 axb4 29. axb4 Bf8 30. b5 Ne4 31. Qb3 Red8 32. Rc1
c5 33. Qc2 Qe7 34. Nf3 f6 35. Qc4 Kh7 36. Rc2 Qe6 37. Kh2 Nd6 38. Qe2 Qe4
39. Rec1 Nf5 40. Re1 Rd3 41. Bc1 Re8 42. Qf2 Bd6 43. g3 Qa4 44. Rce2 Qxb5
45. e4 Nd4 46. Nxd4 cxd4 47. Bb2 Bb4 48. Rc1 Bc3 49. e5 fxe5 50. f5 Qc6 51.
Rec2 Rf3 52. fxg6+ Kxg6 53. Qe2 e4 54. Bxc3 d3 55. Qd1 dxc2 56. Qxc2 Rc8
57. Qb1 Rxc3 58. Rxc3 Qxc3 59. Qxe4+ Kf6 60. Qf4+ Ke6 61. Qg4+ Kd6 62. Qf4+
Kc6 63. Qe4+ 0-1

[Event "64th ch-RUS HL w 2014"]
[Site "Vladivostok RUS"]
[Date "2014.06.13"]
[Round "9"]
[White "Grigorian, Marine"]
[Black "Khokhlova, Daria"]
[Result "1/2-1/2"]
[WhiteElo "2114"]
[BlackElo "2020"]
[EventDate "2014.06.04"]

1. e4 c5 2. Nc3 a6 3. g3 b5 4. Bg2 Bb7 5. d3 e6 6. Nh3 b4 7. Nb1 d5 8. Nd2
Nf6 9. O-O Be7 10. Qe2 O-O 11. f4 Nc6 12. c3 a5 13. f5 e5 14. exd5 Nxd5 15.
Ne4 a4 16. Be3 Ra5 17. a3 f6 18. Nhf2 Qd7 19. Bd2 Raa8 20. axb4 cxb4 21.
Qd1 bxc3 22. bxc3 a3 23. Qb3 Na5 24. Qa2 Kh8 25. Rab1 Bc6 26. g4 Nb7 27.
Rfe1 Nc5 28. d4 Nxe4 29. Nxe4 exd4 30. cxd4 Ra4 31. Nc3 Rxd4 32. Nxd5 Bxd5
33. Bxd5 Qxd5 34. Qxd5 Rxd5 35. Rxe7 Rxd2 36. Ra7 Rd4 37. h3 Rd3 38. Kg2 h6
39. Ra1 Rc8 40. R7xa3 Rc2+ 41. Kg1 Rxa3 1/2-1/2

[Event "64th ch-RUS HL w 2014"]
[Site "Vladivostok RUS"]
[Date "2014.06.13"]
[Round "9"]
[White "Mikhailova, Lubov"]
[Black "Landina, Natalya"]
[Result "1-0"]
[WhiteElo "2049"]
[BlackElo "1937"]
[EventDate "2014.06.04"]

1. e4 e5 2. f4 exf4 3. Nf3 d6 4. d4 g5 5. Bc4 g4 6. O-O Bh6 7. Ne1 Qf6 8.
Nc3 Nc6 9. Nd5 Qxd4+ 10. Qxd4 Nxd4 11. Nxc7+ Kd8 12. Nxa8 Be6 13. Bxe6 fxe6
14. Bd2 e5 15. Bb4 Kd7 16. c3 Nc6 17. Bxd6 Kxd6 18. Rd1+ Ke7 19. Nc7 Nf6
20. Nd5+ Nxd5 21. Rxd5 Rd8 22. Nd3 Bg7 23. Rd1 Rxd5 24. exd5 Na5 25. Nc5
Kd6 26. b4 Nc4 27. Nxb7+ Kc7 28. Nc5 Bf6 29. Ne4 Be7 30. Kf2 h5 31. g3 Bd6
32. gxf4 exf4 33. Rd4 Ne3 34. Nxd6 Kxd6 35. c4 Nc2 36. c5+ Ke5 37. c6 g3+
38. hxg3 fxg3+ 39. Kg1 Nxd4 40. c7 Nf3+ 41. Kf1 g2+ 42. Kxg2 Nh4+ 43. Kh3
1-0

[Event "64th ch-RUS HL w 2014"]
[Site "Vladivostok RUS"]
[Date "2014.06.13"]
[Round "9"]
[White "Solovyova, Anastasia"]
[Black "Maltsevskaya, Aleksandra"]
[Result "0-1"]
[WhiteElo "1878"]
[BlackElo "2014"]
[EventDate "2014.06.04"]

1. d4 Nf6 2. c4 e6 3. Nf3 Bb4+ 4. Bd2 a5 5. a3 Bxd2+ 6. Nbxd2 O-O 7. e3 d6
8. Bd3 Nbd7 9. O-O e5 10. Rc1 Re8 11. Bb1 h6 12. d5 e4 13. Nd4 a4 14. Qc2
Nc5 15. Rce1 Bg4 16. f3 exf3 17. N4xf3 Bh5 18. Qc3 Nfe4 19. Nxe4 Nxe4 20.
Bxe4 Rxe4 21. Nd2 Re5 22. e4 Qe7 23. Re3 Re8 24. Qb4 f5 25. Qxa4 fxe4 26.
Rfe1 Qh4 27. Qa7 Bg6 28. Qd4 Rf8 29. R3e2 Bh5 30. Rxe4 Qxe1+ 0-1